[Event "North American Open 2009"]
[Site "Las Vegas"]
[Date "2009.12.28"]
[Round "5"]
[White "Adamson, R."]
[Black "Gurevich, D."]
[Result "1/2-1/2"]
[WhiteElo "2303"]
[BlackElo "2509"]
[PlyCount "56"]
[EventDate "2009.12.??"]
[EventType "swiss"]
[EventRounds "7"]
[EventCountry "USA"]
[Source "Mark Crowther"]
[SourceDate "2010.01.04"]

1. e4 c5 2. Nf3 d6 3. d4 cxd4 4. Nxd4 Nf6 5. Nc3 Nc6 6. Bg5 a6 7. Qd2 Qb6 8.
Bxf6 gxf6 9. Nb3 e6 10. O-O-O Bd7 11. f4 O-O-O 12. Be2 h5 13. h4 Kb8 14. Bf3
Ne5 15. Kb1 Nxf3 16. gxf3 Rg8 17. f5 Rc8 18. f4 Rg3 19. Rhf1 a5 20. fxe6 fxe6
21. Qd4 Qxd4 22. Nxd4 Rg4 23. f5 exf5 24. Nxf5 Bxf5 25. Rxf5 Rxh4 26. Rxa5 Rh2
27. a3 Bh6 28. Rxd6 Bd2 1/2-1/2

[Event "North American Open 2009"]
[Site "Las Vegas"]
[Date "2009.12.28"]
[Round "5"]
[White "Mikhalevski, V."]
[Black "Amanov, M."]
[Result "1/2-1/2"]
[WhiteElo "2607"]
[BlackElo "2482"]
[PlyCount "76"]
[EventDate "2009.12.??"]
[EventType "swiss"]
[EventRounds "7"]
[EventCountry "USA"]
[Source "Mark Crowther"]
[SourceDate "2010.01.04"]

1. d4 d5 2. c4 c6 3. Nf3 Nf6 4. e3 e6 5. b3 Nbd7 6. Bb2 Bd6 7. Bd3 O-O 8. Nbd2
b6 9. O-O Bb7 10. e4 dxe4 11. Nxe4 Nxe4 12. Bxe4 Nf6 13. Bc2 c5 14. dxc5 Bxc5
15. Qe2 Qe7 16. Rad1 Rfd8 17. Ne5 Rxd1 18. Rxd1 Rd8 19. Rxd8+ Qxd8 20. Kf1 h6
21. f3 Qd6 22. Qd3 Qxd3+ 23. Bxd3 Kf8 24. g4 Ke7 25. Ke2 Bd6 26. h4 g6 27. Ke3
h5 28. g5 Nd7 29. f4 Nxe5 30. fxe5 Bc5+ 31. Bd4 Bb4 32. Kf2 Kd8 33. Bb1 Kc7 34.
Bc2 Bc6 35. Bd3 Bh1 36. Bb1 Kc6 37. Bd3 a5 38. Bc2 Kc7 1/2-1/2

[Event "North American Open 2009"]
[Site "Las Vegas"]
[Date "2009.12.28"]
[Round "5"]
[White "Sundararajan, K."]
[Black "Zimbeck, D."]
[Result "1/2-1/2"]
[WhiteElo "2516"]
[BlackElo "2191"]
[PlyCount "57"]
[EventDate "2009.12.??"]
[EventType "swiss"]
[EventRounds "7"]
[EventCountry "USA"]
[Source "Mark Crowther"]
[SourceDate "2010.01.04"]

1. d4 Nc6 2. Nf3 d6 3. d5 Ne5 4. Nxe5 dxe5 5. e4 Nf6 6. Nc3 a6 7. Be2 e6 8. O-O
exd5 9. exd5 h6 10. Qd3 Bd6 11. f4 O-O 12. f5 Bc5+ 13. Kh1 b5 14. Qg3 Kh7 15.
Bd3 Bb7 16. Ne4 Be7 17. Qxe5 Qxd5 18. Qxd5 Bxd5 19. Nc3 Bb7 20. Bf4 c5 21. Rae1
Rfe8 22. b3 Rac8 23. Ne4 Nxe4 24. Bxe4 Bxe4 25. Rxe4 Bg5 26. Rxe8 Rxe8 27. Bxg5
hxg5 28. Kg1 Re2 29. Rf2 1/2-1/2

[Event "North American Open 2009"]
[Site "Las Vegas"]
[Date "2009.12.29"]
[Round "6"]
[White "Amanov, M."]
[Black "Zimbeck, D."]
[Result "1/2-1/2"]
[WhiteElo "2482"]
[BlackElo "2191"]
[PlyCount "106"]
[EventDate "2009.12.??"]
[EventType "swiss"]
[EventRounds "7"]
[EventCountry "USA"]
[Source "Mark Crowther"]
[SourceDate "2010.01.04"]

1. d4 Nc6 2. c4 e5 3. d5 Nce7 4. e4 Ng6 5. Nc3 Bb4 6. Nge2 N8e7 7. a3 Bxc3+ 8.
Nxc3 d6 9. Be3 f5 10. f3 O-O 11. Qd2 b6 12. O-O-O Bd7 13. Bd3 Qc8 14. h4 f4 15.
Bf2 h5 16. Rdg1 Rf6 17. Kb1 a6 18. Ne2 Qf8 19. Rc1 Qf7 20. Ng1 Nf8 21. Nh3 Nh7
22. Rcg1 Rg6 23. Be2 Rh6 24. g4 hxg4 25. fxg4 g5 26. hxg5 Rg6 27. Bf3 Rg7 28.
Rh2 Ng6 29. Rc1 Qe7 30. Qe1 Kf7 31. Qh1 Rh8 32. Rg1 Kg8 33. Rgg2 Nhf8 34. Ng1
Rxh2 35. Rxh2 Nh7 36. Rh5 Nxg5 37. Nh3 Nxf3 38. Qxf3 Nf8 39. Bh4 Qf7 40. Nf2
Nh7 41. Rh6 Rg6 42. Rxg6+ Qxg6 43. Bd8 Nf6 44. Bxc7 Bxg4 45. Nxg4 Qxg4 46.
Qxg4+ Nxg4 47. Kc2 f3 48. Kd2 Nf6 49. Bxb6 Nxe4+ 50. Ke1 Kf7 51. b4 Ke7 52. a4
Kd7 53. a5 Kc8 1/2-1/2

[Event "North American Open 2009"]
[Site "Las Vegas"]
[Date "2009.12.29"]
[Round "6"]
[White "Coraretti, B."]
[Black "Akopian, R."]
[Result "0-1"]
[WhiteElo "1996"]
[BlackElo "2105"]
[PlyCount "106"]
[EventDate "2009.12.??"]
[EventType "swiss"]
[EventRounds "7"]
[EventCountry "USA"]
[Source "Mark Crowther"]
[SourceDate "2010.01.04"]

1. e4 d6 2. d4 Nf6 3. Nc3 g6 4. f4 Bg7 5. Nf3 c5 6. dxc5 Qa5 7. Bd3 Qxc5 8. Qe2
O-O 9. Be3 Qa5 10. O-O Bg4 11. h3 Bxf3 12. Qxf3 Nc6 13. Kh1 Nb4 14. a3 Nxd3 15.
cxd3 Rac8 16. Bd4 e5 17. b4 Qc7 18. fxe5 dxe5 19. Bc5 Rfd8 20. Nb5 Qd7 21. Nxa7
Rxc5 22. bxc5 Ra8 23. d4 Qxd4 24. Nb5 Qxc5 25. Qb3 Rf8 26. Rac1 Qb6 27. Rc7 h5
28. a4 h4 29. Qc4 Bh6 30. a5 Qa6 31. Nc3 Qxc4 32. Rxc4 Nh5 33. Rf3 Ng3+ 34. Kg1
Ra8 35. Rc5 b6 36. Rxe5 Bg7 37. Re7 Bxc3 38. Rxc3 Ne2+ 39. Kf1 Nxc3 40. axb6
Rb8 41. b7 Nb5 42. Ke2 Kf8 43. Rd7 Ke8 44. Rd2 Rxb7 45. Kf3 Re7 46. Rb2 Nd6 47.
Rb4 Kf8 48. Rd4 Re6 49. e5 Nf5 50. Rd5 Ke7 51. Kf4 Ra6 52. Rd2 Ra4+ 53. Kg5 Re4
0-1

[Event "North American Open 2009"]
[Site "Las Vegas"]
[Date "2009.12.29"]
[Round "6"]
[White "Tate, E."]
[Black "Shabalov, A."]
[Result "0-1"]
[WhiteElo "2322"]
[BlackElo "2606"]
[PlyCount "142"]
[EventDate "2009.12.??"]
[EventType "swiss"]
[EventRounds "7"]
[EventCountry "USA"]
[Source "Mark Crowther"]
[SourceDate "2010.01.04"]

1. e4 c5 2. Nc3 Nc6 3. f4 g6 4. Nf3 Bg7 5. Bb5 Nd4 6. Nxd4 cxd4 7. Ne2 Nh6 8.
c3 e5 9. d3 O-O 10. Bc4 dxc3 11. bxc3 Qh4+ 12. g3 Qe7 13. fxe5 Qxe5 14. Bf4 Qe7
15. h3 Kh8 16. Qd2 Ng8 17. Bg5 Qe8 18. h4 h5 19. g4 d5 20. Bxd5 Bxg4 21. Bxb7
Rb8 22. Bd5 Kh7 23. Nd4 Rb6 24. O-O Nf6 25. Bb3 Nd7 26. Ba4 Qb8 27. Bf4 Ne5 28.
Bb3 Qd8 29. Bg5 Qd7 30. Rf2 Rd6 31. Raf1 Bh3 32. Re1 f6 33. Bf4 Qg4+ 34. Kh1
Qxh4 35. Rh2 Rxd4 36. cxd4 Nf3 37. Qe3 f5 38. e5 Nxh2 39. Kxh2 Bf1+ 40. Kg1
Bxd3 41. Qg3 Qg4 42. d5 h4 43. Qxg4 fxg4 44. Bg5 Rf5 45. d6 Bb5 46. Bxh4 Bxe5
47. Be6 Bd4+ 48. Kh2 Rh5 49. Kg3 Rxh4 50. d7 Bf6 51. Rb1 a6 52. a4 Bxa4 53. Rf1
Bg5 54. Rf8 Rh1 55. d8=Q Bxd8 56. Rxd8 Re1 57. Bxg4 Kh6 58. Rd5 Bb5 59. Kf2 Re4
60. Bf3 Rb4 61. Rc5 a5 62. Be2 Bxe2 63. Kxe2 a4 64. Ra5 g5 65. Kf3 Kh5 66. Ra8
Rb3+ 67. Ke4 a3 68. Kf5 Rf3+ 69. Ke4 g4 70. Rh8+ Kg5 71. Ra8 Kh4 0-1

[Event "North American Open 2009"]
[Site "Las Vegas"]
[Date "2009.12.29"]
[Round "6"]
[White "Velikanov, A."]
[Black "Khashper, A."]
[Result "0-1"]
[WhiteElo "2106"]
[BlackElo "2106"]
[PlyCount "64"]
[EventDate "2009.12.??"]
[EventType "swiss"]
[EventRounds "7"]
[EventCountry "USA"]
[Source "Mark Crowther"]
[SourceDate "2010.01.04"]

1. e4 e6 2. d4 d5 3. Nd2 Nf6 4. e5 Nfd7 5. Bd3 c5 6. c3 Nc6 7. Ne2 cxd4 8. cxd4
f6 9. Nf4 Nxd4 10. Qh5+ Ke7 11. exf6+ Nxf6 12. Ng6+ hxg6 13. Qxh8 Kf7 14. Qh4
e5 15. Nf3 Nxf3+ 16. gxf3 Bf5 17. Bxf5 gxf5 18. Bg5 Qa5+ 19. Kf1 Be7 20. Re1 d4
21. Qh3 g6 22. Rg1 Nh5 23. Bxe7 Qb5+ 24. Re2 Qxe2+ 25. Kxe2 Nf4+ 26. Kd2 Nxh3
27. Rg3 Nxf2 28. Bg5 e4 29. Ke2 e3 30. Rg2 Re8 31. Rxf2 exf2+ 32. Kxf2 Ke6 0-1

[Event "North American Open 2009"]
[Site "Las Vegas"]
[Date "2009.12.29"]
[Round "6"]
[White "Yermolinsky, Alex"]
[Black "Naroditsky, Daniel"]
[Result "1/2-1/2"]
[WhiteElo "2583"]
[BlackElo "2375"]
[PlyCount "260"]
[EventDate "2009.12.??"]
[EventType "swiss"]
[EventRounds "7"]
[EventCountry "USA"]

1. d4 Nf6 2. c4 g6 3. Nc3 Bg7 4. e4 d6 5. Nf3 O-O 6. Be2 e5 7. O-O Na6 8. Re1
c6 9. Rb1 Qe7 10. Bf1 Bg4 11. d5 c5 12. a3 Nh5 13. h3 Bd7 14. g3 f5 15. exf5
Bxf5 16. Ne4 Nf6 17. Bg5 Qd7 18. Bxf6 Bxf6 19. h4 Bg7 20. Bg2 b6 21. Nfg5 Nc7
22. b4 h6 23. Ne6 Nxe6 24. dxe6 Bxe6 25. Nxd6 Rad8 26. bxc5 bxc5 27. Nb7 Qxd1
28. Rbxd1 Rxd1 29. Rxd1 Bxc4 30. Nxc5 Rc8 31. Ne4 Be6 32. a4 Bb3 33. Rd7 Bxa4
34. Rxa7 Bc6 35. Ra6 Bxe4 36. Bxe4 g5 37. hxg5 hxg5 38. Rg6 Kf7 39. Rxg5 Bf6
40. Rh5 Rh8 41. Rf5 Ke7 42. Rf3 Rc8 43. Ra3 Rc7 44. Kg2 Rd7 45. Kh3 Kf7 46. Kg4
Be7 47. Rf3+ Kg7 48. Kf5 Bc5 49. Ke6 Re7+ 50. Kd5 Bd4 51. Rf5 Rf7 52. Rg5+ Kf8
53. f3 Rg7 54. Rf5+ Ke7 55. g4 Rg8 56. Rh5 Rd8+ 57. Kc6 Rd6+ 58. Kb5 Rf6 59. g5
Rf7 60. Kc4 Rg7 61. g6 Kf6 62. Rh8 Ra7 63. Rc8 Ra4+ 64. Kb5 Ra7 65. Rc6+ Kg7
66. Kc4 Be3 67. Kd5 Bf4 68. Ke6 Rb7 69. Rd6 Rc7 70. Ra6 Kh6 71. Kf6 Bg5+ 72.
Kxe5 Kg7 73. f4 Bh4 74. Bd5 Re7+ 75. Kf5 Rd7 76. Bf7 Rd8 77. Ra7 Kh6 78. Be6
Rf8+ 79. Kg4 Kxg6 80. f5+ Kh6 81. Kxh4 Rxf5 82. Kg4 Re5 83. Bf5 Re7 84. Ra6+
Kg7 85. Rg6+ Kf7 86. Rc6 Rb7 87. Kg5 Ke7 88. Ra6 Rb8 89. Be4 Rd8 90. Kf4 Rd6
91. Ra7+ Rd7 92. Ra2 Rd6 93. Ke5 Re6+ 94. Kd5 Rd6+ 95. Kc5 Re6 96. Bd5 Re1 97.
Ra7+ Kf6 98. Kd6 Re8 99. Rf7+ Kg6 100. Rf1 Re3 101. Be6 Kg5 102. Kd5 Re2 103.
Bf5 Ra2 104. Be4 Ra5+ 105. Kd4 Ra4+ 106. Ke5 Ra5+ 107. Bd5 Ra4 108. Rf8 Ra6
109. Rf5+ Kg4 110. Rf2 Ra3 111. Rf8 Kg3 112. Rg8+ Kf2 113. Kf4 Kf1 114. Bf3
Ra4+ 115. Kg3 Rd4 116. Re8 Rd3 117. Re7 Rc3 118. Rd7 Rc1 119. Rd2 Ke1 120. Rd4
Rb1 121. Rd3 Rc1 122. Kf4 Rc2 123. Kg3 Rc1 124. Rd4 Rb1 125. Kf4 Rc1 126. Ke3
Rc3+ 127. Ke4 Rc1 128. Kf4 Rb1 129. Be4 Rb2 130. Bd3 Kd2 1/2-1/2

[Event "North American Open 2009"]
[Site "Las Vegas"]
[Date "2009.12.29"]
[Round "6"]
[White "Zierk, S."]
[Black "Friedel, J."]
[Result "0-1"]
[WhiteElo "2306"]
[BlackElo "2551"]
[PlyCount "68"]
[EventDate "2009.12.??"]
[EventType "swiss"]
[EventRounds "7"]
[EventCountry "USA"]
[Source "Mark Crowther"]
[SourceDate "2010.01.04"]

1. e4 e5 2. Nf3 Nc6 3. Bc4 Nf6 4. Ng5 d5 5. exd5 b5 6. Bf1 h6 7. Nf3 Qxd5 8.
Nc3 Qe6 9. Bxb5 Bb7 10. O-O O-O-O 11. Re1 Bc5 12. Qe2 Nd4 13. Nxd4 Bxd4 14. Nd1
Nd5 15. Bc4 Qg6 16. Bxd5 Bxd5 17. Ne3 Bxe3 18. fxe3 Qxc2 19. d4 Qe4 20. b3 Rhe8
21. Bb2 Re6 22. Qd2 Bb7 23. Rac1 Rdd6 24. Rf1 Rf6 25. Rfe1 Rc6 26. dxe5 Rxc1
27. Bxc1 Rg6 28. Re2 Rc6 29. e6 Rxe6 30. Qc2 Rc6 31. Qb2 Qd3 32. Rf2 Ba6 33.
Bd2 Rc2 34. Qd4 Rxd2 0-1

[Event "North American Open 2009"]
[Site "Las Vegas"]
[Date "2009.12.29"]
[Round "7"]
[White "Belliard, L."]
[Black "Gulamali, K."]
[Result "0-1"]
[WhiteElo "2246"]
[BlackElo "2335"]
[PlyCount "78"]
[EventDate "2009.12.??"]
[EventType "swiss"]
[EventRounds "7"]
[EventCountry "USA"]
[Source "Mark Crowther"]
[SourceDate "2010.01.04"]

1. d4 c5 2. e3 Nf6 3. Nf3 g6 4. c3 Qc7 5. Nbd2 Bg7 6. Bd3 d6 7. O-O O-O 8. Re1
Nc6 9. a3 Bg4 10. h3 Bxf3 11. Nxf3 d5 12. Bb5 Qb6 13. Bxc6 bxc6 14. b4 c4 15.
Nd2 Nd7 16. f4 f6 17. Qg4 f5 18. Qe2 a5 19. Rb1 axb4 20. cxb4 Nf6 21. g4 Ne8
22. gxf5 Rxf5 23. Nf1 Nd6 24. Ng3 Rf7 25. Qc2 Qa6 26. Ra1 Bf6 27. Ne2 Qc8 28.
Kg2 Bh4 29. Rf1 g5 30. Kh2 Qe6 31. Ng1 Ne4 32. Nf3 Bg3+ 33. Kg2 gxf4 34. exf4
Bxf4 35. Bxf4 Rxf4 36. Ne5 Rxf1 37. Rxf1 Rxa3 38. Rf3 Rxf3 39. Kxf3 Qxh3+ 0-1

[Event "North American Open 2009"]
[Site "Las Vegas"]
[Date "2009.12.29"]
[Round "7"]
[White "Mikhalevski, V."]
[Black "Kretchetov, A."]
[Result "1-0"]
[WhiteElo "2607"]
[BlackElo "2395"]
[PlyCount "85"]
[EventDate "2009.12.??"]
[EventType "swiss"]
[EventRounds "7"]
[EventCountry "USA"]
[Source "Mark Crowther"]
[SourceDate "2010.01.04"]

1. d4 d5 2. c4 c6 3. Nf3 Nf6 4. e3 g6 5. Nc3 Bg7 6. Qb3 O-O 7. Bd2 dxc4 8. Bxc4
Nbd7 9. Rd1 Nb6 10. Be2 Be6 11. Qc2 Bc4 12. e4 Bxe2 13. Nxe2 Qc8 14. O-O Qe6
15. Nc3 Nfd7 16. Rfe1 Rfe8 17. b3 Nf8 18. Bf4 Qc8 19. a4 Nbd7 20. Qc1 Nf6 21.
h3 Ne6 22. Be3 Rd8 23. Qa3 Bf8 24. Rc1 Nc7 25. Qb2 Bg7 26. Red1 h6 27. Qb1 Qe6
28. Bf4 Rac8 29. b4 g5 30. Bh2 g4 31. hxg4 Nxg4 32. Bg3 Qg6 33. Nh4 Qh5 34. Nf5
Bf8 35. f3 Nf6 36. Bh4 Ne6 37. Ne2 Qg6 38. b5 Kh7 39. Kf2 Rd7 40. d5 Ng5 41.
Nf4 Ngxe4+ 42. fxe4 Qg4 43. g3 1-0

[Event "North American Open 2009"]
[Site "Las Vegas"]
[Date "2009.12.29"]
[Round "7"]
[White "Milman, L."]
[Black "Ginsburg, M."]
[Result "1/2-1/2"]
[WhiteElo "2474"]
[BlackElo "2389"]
[PlyCount "59"]
[EventDate "2009.12.??"]
[EventType "swiss"]
[EventRounds "7"]
[EventCountry "USA"]
[Source "Mark Crowther"]
[SourceDate "2010.01.04"]

1. e4 c5 2. Nf3 d6 3. d4 cxd4 4. Nxd4 Nf6 5. Nc3 e6 6. Be2 Be7 7. Be3 O-O 8.
O-O Nc6 9. f4 Bd7 10. Qe1 Nxd4 11. Bxd4 Bc6 12. Qg3 g6 13. Qe3 Qa5 14. e5 dxe5
15. fxe5 Nd5 16. Nxd5 Qxd5 17. Bf3 Qc4 18. b3 Qa6 19. c4 Qa3 20. Kh1 Kg7 21.
Rf2 h6 22. Bxc6 bxc6 23. Raf1 Rad8 24. g3 Bg5 25. Qe4 h5 26. Bc3 Qc5 27. b4 Qe3
28. Qxe3 Bxe3 29. Rf3 Bd4 30. b5 1/2-1/2

[Event "North American Open 2009"]
[Site "Las Vegas"]
[Date "2009.12.29"]
[Round "7"]
[White "Naroditsky, D."]
[Black "Gurevich, D."]
[Result "1/2-1/2"]
[WhiteElo "2339"]
[BlackElo "2509"]
[PlyCount "107"]
[EventDate "2009.12.??"]
[EventType "swiss"]
[EventRounds "7"]
[EventCountry "USA"]
[Source "Mark Crowther"]
[SourceDate "2010.01.04"]

1. e4 c5 2. Nf3 d6 3. d4 cxd4 4. Nxd4 Nf6 5. Nc3 Nc6 6. Be2 g6 7. Be3 Bg7 8.
O-O O-O 9. Nb3 a6 10. f4 b5 11. Bf3 Bb7 12. e5 dxe5 13. fxe5 Nd7 14. e6 fxe6
15. Bg4 Nce5 16. Bxe6+ Kh8 17. Rxf8+ Nxf8 18. Qxd8 Rxd8 19. Nc5 Bc6 20. h3 b4
21. Ne2 Bb5 22. Nf4 Nc6 23. Rb1 Bd4 24. Bxd4+ Rxd4 25. Nfd3 Bxd3 26. cxd3 Nxe6
27. Nxe6 Rxd3 28. Rf1 h5 29. Rf8+ Kh7 30. Rf7+ Kh6 31. h4 Nd8 32. Nxd8 Rxd8 33.
Rxe7 Rd1+ 34. Kh2 Ra1 35. a3 bxa3 36. bxa3 Rxa3 37. Ra7 g5 38. hxg5+ Kxg5 39.
Ra8 a5 40. Rg8+ Kf6 41. Ra8 Kg5 42. Rg8+ Kf6 43. Ra8 Ra4 44. Kh3 h4 45. g3 hxg3
46. Kxg3 Ke5 47. Kf3 Kd4 48. Ke2 Kc3 49. Rc8+ Kb2 50. Kd3 Rb4 51. Rc2+ Kb1 52.
Rc4 Rb3+ 53. Kd2 Rh3 54. Ra4 1/2-1/2